Vista normal
Vista MARC
Entrada Materia (geográfica)
Número de registros utilizados en: 8
001 - CONTROL NUMBER
- control field: 94298
003 - CONTROL NUMBER IDENTIFIER
- control field: Co-BoUCM
005 - DATE AND TIME OF LATEST TRANSACTION
- control field: 20181031121351.0
008 - FIXED-LENGTH DATA ELEMENTS
- fixed length control field: 181031|| aca||aabn | a|a d
040 ## - CATALOGING SOURCE
- Original cataloging agency: Co-BoUCM
- Transcribing agency: Co-BoUCM
151 ## - HEADING--GEOGRAPHIC NAME
- Geographic name: India
- General subdivision: Civilización
670 ## - SOURCE DATA FOUND
- Source citation: Work cat.: (Co-BoUCM)310778: Basham, A. L. 94297, The wonder that was India, 2004